000 00886nam0a22002651 4500
001 rc\2815813
005 20250806211115.0
035 _a(NLR Aleph) 006941556
090 _a38864
_c38864
100 _a20110915d1945 u y0rusy50 ca
101 0 _arus
102 _aRU
105 _aa z |||||
200 1 _aОрошение в условиях Башкирии
_fЕ. Е. Сальников
210 _aУфа
_cБашгосиздат
_d1945
_gтип. "Октябр. натиск"
215 _a39 с.
_cсхем.
_d19 см.
320 _aБиблиогр.: "Список использ. лит-ры", с. 38 (7 назв.)
700 1 _aСальников
_bЕ.Е.
801 0 _aRU
_bNLR
_gpsbo
801 1 _aRU
_bELAR
_2rusmarc
852 _aNLR
_jС14 Г-4/66
942 _cBOOK
945 _aРоссийская национальная библиотека
980 _aNB
980 _aBV